Biología 2 : (Registro nro. 10030)

Detalles MARC
000 -LIDER
fixed length control field 01522nam a22003737a 4500
003 - IDENTIFICACDOR DE NÚMERO DE CONTROL
control field DO-SdBNP
005 - DATE AND TIME OF LATEST TRANSACTION
control field 20180313095645.0
008 - ELEMENTOS DE LONGITUD FIJA
fixed length control field 160509b 2005 dr00| 0 spa d
020 ## - ISBN
International Standard Book Number 9789945110340
040 ## - FUENTE DE CATALOGACIÓN
Agencia que crea de manera original el registro BPMSU
Idioma de catalogación spa
Agencia que realiza la transcripción BPMSU
082 #4 - NÚMERO DE CLASIFICACIÓN DECIMAL DE DEWEY
Classification number 373.52
Item number R741b 2do. 2005
100 ## - ASIENTO PRINCIPAL -- NOMBRE PERSONAL
Nombre personal Rojas Lora, Luis Rafael
245 ## - MENCIÓN DE TITULO
Título Biología 2 :
Subtítulo educación media /
Mención de responsabilidad Luis Rafael Rojas Lora ; dirección editorial Obdulia García de Escobar ; editora Claudia Llibre
260 ## - PUBLICACIÓN, DISTRIBUCIÓN, ETC. (PIE DE IMPRENTA)
Lugar de publicación, distribución, etc Santo Domingo :
Nombre del editor, distribuidor, etc. Santillana,
Fecha de publicación, distribución, etc 2005.
300 ## - DESCRIPCIÓN FÍSICA
Extensión 183 p. :
Otros detalles físicos il., retrs.
Dimensiones 28 cm.
490 1# - MENCIÓN DE SERIES
Mención de serie Ámbar
500 ## - NOTA GENERAL
Nota general 2do. bachillerato/2do. curso/Primer ciclo
505 ## - NOTA DE CONTENIDO
Título Funciones vitales: la nutrición --
-- Relación y reproducción de las plantas --
-- Relación y reproducción de los animales --
-- La alimentación en los seres humanos --
-- La circulación --
-- La respiración --
-- La excreción --
-- La reproducción humana.
650 #4 - ENCABEZAMIENTO DE MATERIA--TEMÁTICO
Término temático o nombre geográfico como elemento de entrada BIOLOGÍA
Subdivisión temática general ENSEÑANZA SECUNDARIA
650 #4 - ENCABEZAMIENTO DE MATERIA--TEMÁTICO
Término temático o nombre geográfico como elemento de entrada BIOLOGÍA
Subdivisión temática general EDUCACIÓN SECUNDARIA
650 #4 - ENCABEZAMIENTO DE MATERIA--TEMÁTICO
Término temático o nombre geográfico como elemento de entrada BIOLOGÍA
Subdivisión temática general ESTUDIOS Y EJERCICIOS
650 #4 - ENCABEZAMIENTO DE MATERIA--TEMÁTICO
Término temático o nombre geográfico como elemento de entrada BIOLOGÍA
Subdivisión temática general LIBROS DE TEXTOS
650 #4 - ENCABEZAMIENTO DE MATERIA--TEMÁTICO
Término temático o nombre geográfico como elemento de entrada EDUCACIÓN SECUNDARIA
Subdivisión geográfica REPÚBLICA DOMINICANA
700 1# - ASIENTO SECUNDARIO -- NOMBRE PERSONAL
Nombre personal Mota, Matilde
700 1# - ASIENTO SECUNDARIO -- NOMBRE PERSONAL
Nombre personal Mejía, Tulio
700 1# - ASIENTO SECUNDARIO -- NOMBRE PERSONAL
Nombre personal Dominici, Germán
700 1# - ASIENTO SECUNDARIO -- NOMBRE PERSONAL
Nombre personal García de Escobar, Obdulia,
Mención de responsabilidad dir. ed.
700 1# - ASIENTO SECUNDARIO -- NOMBRE PERSONAL
Nombre personal Llibre, Claudia,
Mención de responsabilidad ed.
830 #0 - ASIENTO SECUNDARIO DE SERIE--TÍTULO UNIFORME
Título uniforme Ámbar
910 ## - VALIDACIÓN
Validación Validado. Control de calidad MFF
942 ## - ADDED ENTRY ELEMENTS (KOHA)
Source of classification or shelving scheme Dewey Decimal Classification
Koha item type Libros
945 ## - INFORMACIÓN DE PROCESAMIENTO LOCAL
Información de procesamiento local Remanejado para la BNPHU / 2018 BT
956 ## - LOCAL ELECTRONIC LOCATION AND ACCESS (OCLC)
Nombre de host BTAVÁREZ
Número de acceso 10
Información de compresión 20160517
Trayectoria 0038
Existencias
Withdrawn status Lost status Source of classification or shelving scheme Damaged status Not for loan Home library Current library Date acquired Source of acquisition Total Checkouts Full call number Barcode Date last seen Price effective from Koha item type
    Dewey Decimal Classification     Biblioteca Pública Metropolitana Salomé Ureña Biblioteca Pública Metropolitana Salomé Ureña 05/09/2016 Donación   373.257 R741b 2do. 2005 BPMSU16050159 05/09/2016 05/09/2016 Libros
    Dewey Decimal Classification     Biblioteca Pública Metropolitana Salomé Ureña Biblioteca Pública Metropolitana Salomé Ureña 03/13/2018     373.52 R741b 2do. 2005   03/13/2018 03/13/2018 Libros